|
|
|
|
| LEADER |
00000nab#a22000007a#4500 |
| 001 |
arbauad042054 |
| 003 |
AR-BaUAD |
| 005 |
20250711113259.0 |
| 008 |
991217|||||||||###||||||b###|0###a|spa|| |
| 040 |
|
|
|a AR-BaUAD
|c AR-BaUAD
|b spa
|
| 100 |
|
|
|a Tetzlaff, Patricia
|
| 245 |
|
|
|a Las nuevas Embajadas en Berlin /
|c Patricia Tetzlaff;
|
| 300 |
0 |
|
|b axonom., cortes, fot., plantas, vistas
|
| 653 |
|
|
|a ALEMANIA
|
| 653 |
|
|
|a BERLIN
|
| 653 |
|
|
|a EMBAJADAS
|
| 653 |
|
|
|a EMBAJADAS NORDICAS
|
| 653 |
|
|
|a EMBAJADA DE PAISES BAJOS
|
| 653 |
|
|
|a EMBAJADA DE MEXICO
|
| 653 |
|
|
|a EMBAJADA DE REINO UNIDO
|
| 653 |
|
|
|a EMBAJADA DE AUSTRIA
|
| 653 |
|
|
|a HOLLEIN, HANS
|
| 653 |
|
|
|a WILFORD, MICHAEL
|
| 653 |
|
|
|a GONZALEZ DE LEON, TEODORO
|
| 653 |
|
|
|a OMA
|
| 653 |
|
|
|a KOOLHAAS, REM
|
| 653 |
|
|
|a BERGER-PARKKINEN
|
| 653 |
|
|
|a GONZALEZ DE LEON-SERRANO
|
| 653 |
|
|
|a SERRANO, FRANCISCO
|
| 653 |
|
|
|a TIERGARTEN
|
| 653 |
|
|
|a DIPLOMATENVIERTEL
|
| 653 |
|
|
|a BERGER, ALFRED
|
| 653 |
|
|
|a PARKKINEN, TIINA
|
| 773 |
0 |
|
|t SUMMA+
|g no. 39 [oct.-nov. 1999], p. 78-85
|
| 942 |
|
|
|c ARTI
|
| 952 |
|
|
|0 0
|1 0
|4 0
|7 0
|9 86973
|a AR-BAuAD
|b AR-BAuAD
|d 2025-07-11
|l 0
|p AAQA042054
|r 2025-07-11 11:32:59
|w 2025-07-11
|y ARTI
|
| 990 |
|
|
|a AQ199
|b TD
|
| 998 |
|
|
|a AAQ
|b BIBUN76
|
| 999 |
|
|
|c 66646
|d 66646
|